| 000 | 02776nam0a2200445 4500 | ||
|---|---|---|---|
| 001 | RU\NLR\BIBL_A\012557043 | ||
| 005 | 20211125104433.0 | ||
| 010 |
_a978-5-6043022-3-1 _9350 |
||
| 021 |
_aRU _bКН-П-21-012242 _9КН-П-21-0996 |
||
| 035 | _a(NLR Aleph) 012557043 | ||
| 090 |
_a12448900 _c12448900 |
||
| 100 | _a20210702d2020 k y0rusy50 ca | ||
| 101 | 0 |
_arus _deng |
|
| 102 | _aRU | ||
| 105 | _aadc|z|||010zy | ||
| 181 | 0 |
_ai _baxxe |
|
| 182 | 0 | _an | |
| 200 | 1 |
_a30 лет программе "Байкал-бурение" _d30 years of the Baikal drilling program _e[монография _fЕ.В. Безрукова, М.И. Кузьмин, А.В. Горегляд и др.] _gответственные редакторы: академик М.И. Кузьмин, д-р геогр. наук Е.В. Безрукова _gРоссийская академия наук, Сибирское отделение, Институт геохимии им. А.П. Виноградова _zeng |
|
| 203 |
_aТекст _bвизуальный _cнепосредственный |
||
| 210 |
_aНовосибирск _cГЕО _d2020 |
||
| 215 |
_a367, [5] с. _cил., цв. ил., портр., карты _d25 |
||
| 225 | 1 |
_aПроект Байкал-Бурение _dBaikal drilling project _zeng |
|
| 300 | _aАвт. указаны в содерж. | ||
| 300 | _aРез. англ. | ||
| 320 | _aБиблиогр. в конце гл. | ||
| 510 | 1 |
_a30 years of the Baikal drilling program _zeng |
|
| 606 | 1 |
_aДонные отложения _xПалеогеографические исследования _yБайкал, озеро (Сибирь Юго-Восточная) _2nlr_sh2 _3RU\NLR\AUTH\6601696000 |
|
| 606 | 1 |
_aПалеоклимат _xРеконструкция по озерным отложениям _yЦентральная Азия _2nlr_sh1 _2nlr_sh2 _3RU\NLR\AUTH\661338829 |
|
| 686 | 1 | _aД226.5(2Р54,7) | |
| 686 | 1 | _aД439.7в753 | |
| 701 | 1 |
_aКузьмин _bМ. И. _cд-р геол.-минерал. наук _f1938- _gМихаил Иванович _3RU\NLR\AUTH\77100187 |
|
| 701 | 1 |
_aБезрукова _bЕ. В. _gЕлена Вячеславовна |
|
| 702 | 1 |
_aКузьмин _bМ. И. _cд-р геол.-минерал. наук _f1938- _gМихаил Иванович _3RU\NLR\AUTH\77100187 _4340 |
|
| 712 | 0 | 2 |
_aСибирский институт геохимии им. А. П. Виноградова _cИркутск _3RU\NLR\AUTH\8810005364 _4570 |
| 942 | _cBOOK | ||
| 980 | _aNBR | ||
| 980 | _aNB | ||